1235 1212 1606 1013 1567 1065 1316 1235 1228 1615 1185 1192 1951 1732 1458 1475 1827 1731 1051 1010 1477 1995 1842 1023 1740 1212 1425 1760 1554 1721 1593 1706 1882 1852 1181 1552 1939 1451 1777 1850 1112 1441 1466 1914 1692 1032 1830 1703 1176 1646 1418 1015 1744 1137 1942 1036 1048 1592 1678 1535 1139 1653 1307 1681 1912 1841 1524 1686 1323 1789 1810 1319 1302 1373 1415 1349 1476 1524 1359 1266 1531 1600 1963 1322 1108 1551 1935 1777 1780 1217 1057 1750 1568 1317 1478 1198 1689 1062 1084 BCNSPRNW ULIB Ver.6.0+V

เปลี่ยนเป็นภาษาไทย

Change to English
 แสดงรายละเอียดบรรณานุกรม
  กลับหน้าหลัก

Brief Record : Get Marc (ISO 2709) : E-mail record : QR code < ปิดหน้าต่าง
LEADER : 00000nam 2200000uu 4500
001    13399111432
003     ULIB
008    110624s||||||||th 000 0 tha d
050  4 BQ4190^bพ346ป 2552
100 0  พระปราโมทย์ ปาโมชฺโช
245 10 ประมวลธรรมเทศนาของหลวงพ่อปราโมทย์ ปาโมชฺโช /^cรวบรวมโดย สุรพล สายพานิช และคณะ
250    พิมพ์ครั้งที่ 2
260    กรุงเทพฯ :^bธรรมดา,^c2552
300    637 หน้า :^bแผนที่ ;^c27 ซม.
500    พิมพ์ครั้งที่ 4 ปี พ.ศ. 2552
500    LISI มีพิมพ์ครั้งที่ 6 (2552)
505 2  วัตถุประสงค์ เป้าหมาย และวิธีการปฏิบัติของชาวพุทธ --อริยสัจและวิธีรู้แจ้งอริยสัจ -- ปฏิจจสมุปบาท -- บทเรียนที่พระพุทธเจ้าสอนมี 3 บท ชื่อไตรสิกขา -- วิธีการภาวนาแบบง่าย -- สมถะและวิปัสสนา --วิธีทำจิตให้ตั้งมั่น มีสัมมาสมาธิ -- หัวใจของการภาวนา -- ผู้ปฏิบัติเกือบทั้งหมดที่ทำพลาด เพราะไม่มีสัมมาสมาธิ -- จิตที่เป็นกุศลบางดวงมีปัญญา บางดวงไม่มีปัญญา -- เวลารู้สภาวะอย่าถลำลงไปรู้ -- การภาวนาที่ผิด -- วิธีดูพัฒนาการของตัวเอง -- โยนิโสมนสิการ -- ตอนตื่นนอนเป็นนาทีทองของการปฏิบัติ
650  7 ธรรมะ
650  7 พุทธศาสนา
650  7 การปฏิบัติธรรม
650  7 ธรรมเทศนา
700 0  สุรพล สายพานิช,^eผู้รวบรวม
945    ^p0^l0^i028750
995    ทศพร
999 ^a ใช้งานได้ทุกระบบ
รายการนี้ยังไม่มีแท็ก
คุณยังไม่ได้ล็อกอิน คุณสามารถมีกิจกรรมร่วมกับเว็บไซต์ได้ แต่ต้องล็อกอินก่อน ::
  ล็อกอิน

รายการสื่อสารสนเทศ

ลำดับที่ ประเภท เลขเรียก/บาร์โค้ด สถานที่ สถานะ
- ไม่พบข้อมูล -

รายการใกล้เคียง
    ผู้แต่ง [พระปราโมทย์ ปาโมชฺโช]

    หัวเรื่อง [ธรรมะ]
    หัวเรื่อง [พุทธศาสนา]
    หัวเรื่อง [การปฏิบัติธรรม]
    หัวเรื่อง [ธรรมเทศนา]

BibComment


ยังไม่เคยถูกคอมเมนท์

คอมเมนท์ทรัพยากรรายการนี้
  คอมเมนท์: ประมวลธรรมเทศนาขอ..


 Copyright 2026. Bcnsprnw @Library